000 00281nam a2200097Ia 4500
082 _a307.1|SELF
245 0 _aSelf, community and psychology
100 _a Collins, Anthony Claremont, South Africa, [2013]
_966576
942 _cBK
008 210817s9999 xx 000 0 und d
999 _c213736
_d213735